| 000 | 01435cam a2200313 i 4500 | ||
|---|---|---|---|
| 003 | GSU | ||
| 005 | 20260617153726.0 | ||
| 008 | 210507s2023 mnu job 001 0 eng | ||
| 020 | _z9781728449548 (paperback) | ||
| 040 |
_aDLC _beng _cGSU _erda _dGSU |
||
| 050 | 0 | 0 |
_aQA76.76.W56 _bGOL |
| 100 | 1 |
_aGoldstein, Margaret J., _eauthor. |
|
| 245 | 1 | 4 |
_aThe genius of Microsoft : _bhow Bill Gates and Windows changed the world / _cMargaret J. Goldstein. |
| 264 | 1 |
_aMinneapolis : _bLerner Publications, _c2023 |
|
| 336 |
_atext _btxt _2rdacontent |
||
| 337 |
_aunmediated _bn _2rdamedia |
||
| 338 |
_avolume _bnr _2rdacarrier |
||
| 490 | 0 | _aAlternator books. Tech titans | |
| 504 | _aIncludes bibliographical references and index. | ||
| 520 |
_a"With its groundbreaking Windows operating system, Microsoft transformed personal computing. Learn how founder Bill Gates turned Microsoft into one of the biggest companies in the world using cool technology and the power of coding"-- _cProvided by publisher. |
||
| 521 | _aAges 8-12. | ||
| 521 | _aGrades 4-6. | ||
| 588 | _aDescription based on print version record. | ||
| 600 | 1 | 0 |
_aGates, Bill, _d1955- _vJuvenile literature. |
| 610 | 2 | 0 |
_aMicrosoft Corporation _vJuvenile literature. |
| 650 | 0 |
_aWindows (Computer programs) _vJuvenile literature. |
|
| 655 | 7 |
_aLiterature. _2lcgft _0https://id.loc.gov/authorities/genreForms/gf2014026415 |
|
| 942 |
_2lcc _cBK _hQA76.76W56 _mGOL _n0 |
||
| 999 |
_c2760 _d2760 |
||